Trout streams; (Record no. 16890)
[ view plain ]
| 000 -LEADER | |
|---|---|
| fixed length control field | 00473cam a2200157 4500 |
| 040 ## - CATALOGING SOURCE | |
| Transcribing agency | DLC |
| 082 ## - DEWEY DECIMAL CLASSIFICATION NUMBER | |
| Classification number | 639 HOL 1969 A107 Or. |
| 100 1# - MAIN ENTRY--AUTHOR NAME | |
| Personal name | Needham, Paul R. |
| 245 10 - TITLE STATEMENT | |
| Title | Trout streams; |
| Remainder of title | conditions that determine their productivity and suggestions for stream and lake management, |
| 260 ## - PUBLICATION, DISTRIBUTION, ETC. (IMPRINT) | |
| Place of publication | San Francisco, |
| Name of publisher | Holden-Day |
| Year of publication | [1969] |
| 300 ## - PHYSICAL DESCRIPTION | |
| Number of Pages | x, 241 p. |
| Other physical details | illus. |
| Dimensions | 24 cm. |
| 650 #0 - SUBJECT ADDED ENTRY--TOPICAL TERM | |
| Topical Term | Trout. |
| 650 #0 - SUBJECT ADDED ENTRY--TOPICAL TERM | |
| Topical Term | Fishery management. |
| 700 1# - ADDED ENTRY--PERSONAL NAME | |
| Personal name | Bond, Carl E., |
| 942 ## - ADDED ENTRY ELEMENTS (KOHA) | |
| Koha item type | សៀវភៅភាសាអង់គ្លេស |
| 952 ## - LOCATION AND ITEM INFORMATION (KOHA) | |
| Withdrawn status [LOCAL, KOHA] | 0 |
| Permanent Location | Date acquired | Koha item type | Lost status | Shelving location | Barcode | Current Location | Full call number |
|---|---|---|---|---|---|---|---|
| Library Block A | 2018-06-27 | សៀវភៅភាសាអង់គ្លេស | A107 | A16763 | Library Block A | 639 HOL 1969 A107 Or. |